Statistics for Avengers and Heroes in MCU and their trademark weapons

Click here to take the quiz!

General Stats

  • This quiz has been taken 596 times
    (436 since last reset)
  • The average score is 5 of 16

Answer Stats

AvengerWeapon% Correct
Captain AmericaVibranium Shield
98%
ThorMjolnir/Stormbreaker
81%
HawkeyeBow and Arrows
60%
Spider-ManWeb-Shooters
50%
Iron ManIron Man Armour
35%
Black PantherPanther Habit
35%
Ant-ManPym-Particle Discs
22%
War MachineWar Machine Armour
17%
Winter SoldierVibranium Arm/ Assault Rifle
16%
FalconRed Wing
14%
Doctor StrangeEye of Agamotto
10%
Black WidowWidows Bite/Batons
10%
HulkBrute Force
7%
YonduYaka Arrow
7%
Star LordQuad Blasters
2%
Phil CoulsonDestroyer Arm Prototype
1%

Score Distribution

Percentile by Number Answered

Percent of People with Each Score

Your Score History

You have not taken this quiz since the last reset